Pays frontaliers de l'Italie - Mort Subite - Statistiques

Statistiques générales
  • Ce quiz a été pris 267 fois
  • Le résultat moyen est 4 sur 6
Answers on the Grid
Answers color-coded by a green-red scale on the quiz's grid according to % correct below.
France
Sicile
Saint-Marin
Croatie
Allemagne
Suisse
Autriche
Slovénie
Vatican
Monaco
Liechtenstein
 
Statistiques - réponses
Réponse % Correct
France
99%
Saint-Marin
74%
Suisse
69%
Vatican
67%
Slovénie
47%
Autriche
44%
Aucun quiz correspondant
Distribution des résultats
% des personnes avec chaque résultat
Percentile par nombre de réponses
Votre historique - résultats
Vous n’avez pas pris ce quiz